F.A. Hayek's utopia on the monopoly of central bank?

Pohľad predstaviteľa Rakúskej školy F.A.Hayeka na spoločnú menu a význam centrálnych bánk. Súkromné peniaze.

Gespeichert in:
Bibliographische Detailangaben
1. Verfasser: Lisý, Ján
Format: Buchkapitel
Sprache:Englisch
Schlagworte:
Tags: Tag hinzufügen
Keine Tags, Fügen Sie das erste Tag hinzu!

MARC

LEADER 00000naa$a2200000$$$4500
001 0223710
005 20240712110613.7
041 0 |a eng 
044 |a CZ 
245 1 0 |a F.A. Hayek's utopia on the monopoly of central bank?  |c Ján Lisý 
520 |a Pohľad predstaviteľa Rakúskej školy F.A.Hayeka na spoločnú menu a význam centrálnych bánk. Súkromné peniaze. 
610 2 0 |a peniaze 
610 2 0 |a mena 
610 2 0 |a banky centrálne 
610 2 0 |a Európska centrálna banka 
100 1 |a Lisý, Ján